Československé výzkumné zprávy a disertace 1987

Na minha lista:
Detalhes bibliográficos
Formato: Livro
Idioma:tcheco
Publicado em: Praha Ústředí vědeckých, technických a ekonomických informací 1987
Tags: Adicionar Tag
Sem tags, seja o primeiro a adicionar uma tag!

MARC

LEADER 00000nam a2200000 4500
001 c041363
005 20250613074153.0
041 0 |a cze 
044 |a CZ 
245 1 0 |a Československé výzkumné zprávy a disertace 1987 
264 1 |a Praha  |b Ústředí vědeckých, technických a ekonomických informací  |c 1987 
300 |a 240. s.